| 000 | 00925cam a22002777a 4500 | ||
|---|---|---|---|
| 001 | 001794 | ||
| 003 | armpunfd | ||
| 005 | 20140612090650.0 | ||
| 008 | 100510e0####xx#a##########000#0#und#d | ||
| 040 |
_aarmpunfd _carmpunfd |
||
| 080 | _a35 (827.6) ES 17 | ||
| 100 | 1 | 0 | _a Escudero De Quintana, Beatriz |
| 245 | 1 | 0 | _aDenuncias y recursos : ley de procedimientos administrativos de la provincia de salta |
| 260 |
_a Alta : Virtudes Editorial Universitaria _b2005. Isbn : 987-21504-6-X. 228 P. |
||
| 650 | 7 |
_a Avocamiento Por Alzada _2LEMB |
|
| 650 | 7 |
_a Denuncias _2LEMB |
|
| 650 | 7 |
_a Procedimiento Administrativo _2LEMB |
|
| 650 | 7 |
_a Recurso De Alzada _2LEMB |
|
| 650 | 7 |
_a Recurso Jerarquico _2LEMB |
|
| 650 | 7 |
_a Recursos Administrativos _2LEMB |
|
| 650 | 7 |
_a Recursos _2LEMB |
|
| 650 | 7 |
_a Salta _2LEMB |
|
| 700 | 1 | 0 | _aMontero Castiella, Soraya |
| 942 |
_cLB _2cdu |
||
| 945 |
_aCatalis _d2010-08-19 |
||
| 999 |
_c1785 _d232289 |
||